000 00649nam a2200253 a 4500
001 14334
003 BD-JhCC
005 20250304103925.0
008 250302b20012018e a|||| ||a| 001 0 eng d
020 _a9780241338995
035 _a(BD-JhCC)14334
040 _aBD-JhCC
_dBD-JhCC
041 _aenglish
082 _a808.83
_bBEL 2018
100 _aBellow, Saul
245 _aLeaving the Yellow House /
_c Saul Bellow.
260 _aNew York:
_bPenguin Books;
_c2018.
300 _a64 p. :
_c16 cm.
490 _aPenguin Modern: 36
500 _aPenguin Modern: 36
650 _aEnglish Short stories .
942 _2ddc
_cBK
999 _c14334
_d14334